Statystyki dla Odpowiedź Zaczyna się na "E"

Kliknij tutaj aby rozwiązać quiz!

Ogólne statystyki

  • Ten quiz został rozwiązany 6 401 razy
  • Średni wynik to 17 z 30

Statystyki odpowiedzi

Lp.PytanieOdpowiedź% Poprawnych
15Stolicą którego europejskiego kraju jest Tallinn?Estonia
92%
18Inaczej wybuch wulkanu to...Erupcja
91%
6Jak nazywany jest biblijny raj?Eden
88%
3Jak ma na nazwisko twórca teorii względności?Einstein
87%
23Jak nazywa się wyjazd z ojczystego kraju do innego państwa w celu osiedlenia się tam?Emigracja
87%
1Stolicą, którego kraju jest miasto Addis Abeba?Etiopia
83%
26Jak nazywa się pierwiastek chemiczny, którego nazwa może być kojarzoną z nazwą jednego z kontynentów?Europ
80%
17Jaką nazwę nosi proces zachodzący w przyrodzie na przestrzeni wielu pokoleń, polegający na zmianach budowy organizmów i powstawaniu nowych?Ewolucja
80%
4Jak określa się proces niszczenia skorupy ziemskiej w skutek działania np. deszu oraz wiatru?Erozja
77%
13Jak określa się umiejętność wczuwania się w stan wewnętrzny drugiej osoby?Empatia
76%
24Obok Tygrysa jest to największa rzeka MezopotamiiEufrat
76%
19Jak określa się wybór przez głosowanie na wysokie stanowisko lub urząd? Niegdyś w Polsce również metoda wyboru króla, głosami szlachty.Elekcja
74%
2Z kim od północy graniczy, kraj z pytania nr 1?Erytrea
68%
9Jak nazywa się dzieło obejmujące wiadomości ze wszystkich dziedzin wiedzy lub z jednej dyscypliny, ułożone alfabetycznie lub tematycznie?Encyklopedia
67%
10Jak nazywa się wyraz pełniący wobec rzeczownika funkcję określającą?Epitet
67%
25Jak nazywał się mitologiczny bóg miłości?Eros
67%
28Jak nazywa się dziedzina nauki i techniki zajmująca się zjawiskami elektrycznymi i ich zastosowaniem?Elektryka
60%
14Jak brzmi tytuł książęcy władców niektórych państw arabskich?Emir
56%
22Jak nazywa się nauka o prawach rządzących produkcją, wymianą i podziałem dóbr w społeczeństwie?Ekonomia
52%
27Jak na imię miała mitologiczna żona Orfeusza?Eurydyka
48%
12Jaką nazwę noszą wielkocząsteczkowe, w większości białkowe, katalizatory przyspieszające specyficzne reakcje chemiczne?Enzymy
34%
30Słowo lub wyrażenie użyte zastępczo w celu złagodzenia wyrażeń drastycznych, dosadnych lub nieprzyzwoitych to..?Eufemizm
32%
5Jak miał na imię niemiecki feldmarszałek, tak zwany "Lis Pustyni"?Erwin
31%
21Jak nazywa się amerykańska grupa muzyczna stojąca za takimi utworami jak "Hotel California"?Eagles
27%
29Jaką nazwę nosi urządzenie do mierzenia głębokości morza, wyznaczania położenia skał, wraków itp., wykorzystujące zjawisko odbijania się ultradźwięków?Echosonda
26%
16Jak nazywa się rasa stworzeń w uniwersum Gwiezdnych Wojen zamieszkująca, księżyc planety Endor?Ewok
24%
7Jaką nazwę niegdyś nosiło Tokio?Edo
17%
11Jak nazywa się nauka o owadach?Entomologia
16%
20Jak nazywa się największa formalna jednostka geochronologiczna, dzieląca się na ery?Eon
16%
8Jak nazywa się dział statystyki matematycznej poświęcony zagadnieniom szacowania nieznanych parametrów badanej populacji generalnej?Estymacja
11%

Rozkład punktacji

Percentyl według liczby udzielonych odpowiedzi

Procent ludzi z każdym wynikiem

Twoja historia wyników

Nie rozwiązałeś tego quizu